[Event "Olympiad Women 2024"]
[Site "Budapest HUN"]
[Date "2024.09.12"]
[Round "2.12"]
[Board "2"]
[White "Miranda Rodriguez, Tania"]
[Black "Mkrtchyan, Mariam"]
[Result "0-1"]
[WhiteElo "2090"]
[BlackElo "2328"]
[PlyCount "140"]
[EventDate "2024.09.11"]
[WhiteTeam "Mexico"]
[BlackTeam "Armenia"]
[WhiteTeamCountry "MEX"]
[BlackTeamCountry "ARM"]

1. e4 e5 2. Nf3 Nc6 3. Bb5 a6 4. Ba4 Nf6 5. O-O Be7 6. Re1 b5 7. Bb3 d6 8. c3 O-O 9. h3 Bb7 10. d4 Re8 11. Ng5 Rf8 12. Nf3 Nd7 13. a4 ({RR} 13. d5 Na5 14. Bc2 c6 15. dxc6 Bxc6 16. Nbd2 Qc7 17. Nf1 Nc4 18. Ng3 Rfe8 19. Nf5 Bf8 20. a4 Ncb6 21. a5 Nc4 22. b4 Qb7 23. Nd2 Nxd2 24. Qxd2 Nf6 25. Qg5 Re6 26. Qh4 d5 27. exd5 Bxd5 {1-0 Osmanodja,F (2292)-Buksa,N (2407) EU-ch (Women) 20th 2019 (8)}) 13... Na5 14. Bc2 c5 15. Nbd2 $146 ({RR} 15. d5 c4 16. Be3 Qc7 17. axb5 axb5 18. Na3 Ba6 19. Bb1 Nb3 20. Ra2 Nbc5 21. Qd2 Rfb8 22. Bc2 Qc8 23. Nh2 Nf6 24. f3 Rb7 25. Bb1 Nfd7 26. Nc2 Nd3 27. Rf1 Bd8 28. Nb4 Nxb4 29. cxb4 Rbb8 {½-½ Dominguez Rincon,M (2066)-Del Castilho,M (2254) American Continental 13th 2017 (3)}) 15... Qc7 16. Bd3 c4 17. Bc2 Bf6 18. Nf1 Rfe8 19. Ng3 g6 20. Bg5 Bg7 21. Nh2 h5 22. Nf3 Nf8 23. Qd2 Ne6 24. Be3 Red8 25. Ng5 Nxg5 26. Bxg5 Re8 27. d5 Bc8 28. Rf1 Bd7 29. Bh6 f6 30. Bxg7 Kxg7 31. f4 Qb6+ 32. Kh1 Nb7 33. fxe5 dxe5 34. Qf2 Qxf2 35. Rxf2 Nd6 36. h4 Bg4 37. Bd1 Bxd1 38. Rxd1 Rab8 39. axb5 axb5 40. Ra1 Ra8 41. Rff1 Kf7 42. Kg1 Reb8 43. Kf2 Ra4 44. Ra3 Rxa3 45. bxa3 Ra8 46. Ra1 Ra5 47. Ke2 Nb7 48. Kd2 Nc5 49. Kc2 Ke7 50. Kb2 Ra8 51. Kc2 Nb7 52. Kb2 Nd6 53. Kc2 Kd7 54. Kb2 Kc7 55. Rf1 Rf8 56. Ra1 f5 57. exf5 gxf5 58. Nxh5 Rh8 59. Ng7 Rxh4 60. Ne6+ Kb6 61. Re1 Re4 62. Rxe4 Nxe4 63. Nd8 Kc5 64. Nf7 Kxd5 65. Nh6 Ke6 66. a4 bxa4 67. Ka3 Nxc3 68. Kb4 Nd5+ 69. Kxa4 Ne3 70. g3 f4 0-1

[Event "Olympiad Women 2024"]
[Site "Budapest HUN"]
[Date "2024.09.12"]
[Round "2.12"]
[Board "3"]
[White "Danielian, Elina"]
[Black "Mendez Tovar, Yessica Yissel"]
[Result "1-0"]
[WhiteElo "2393"]
[BlackElo "2004"]
[PlyCount "41"]
[EventDate "2024.09.11"]
[WhiteTeam "Armenia"]
[BlackTeam "Mexico"]
[WhiteTeamCountry "ARM"]
[BlackTeamCountry "MEX"]

1. d4 Nf6 2. Nf3 g6 3. c4 c5 4. Nc3 Bg7 5. e4 cxd4 6. Nxd4 Nc6 7. Be3 O-O 8. Be2 d6 9. O-O Bd7 10. Nb3 b6 11. Rc1 ({RR} 11. f3 Ne8 12. Qd2 Rc8 13. Rac1 Ne5 14. Nd5 e6 15. Nf4 Qe7 16. Rfd1 f5 17. exf5 Rxf5 18. Nd4 Rf8 19. Nh3 Nf7 20. Nf2 Nf6 21. b3 Rfd8 22. a4 Be8 23. Qb4 Nd7 24. Nb5 Nc5 25. Qa3 a6 {½-½ Polugaevsky,L (2630)-Ljubojevic,L (2610) Roquebrune rapid 1992 (9)}) ({RR} 11. f3 Rc8 12. Rc1 Be6 13. Nd2 Nd7 14. a3 Nd4 15. b3 Nc5 16. b4 Nxe2+ 17. Qxe2 Nb3 18. Nxb3 Bxc4 19. Qb2 Bxf1 20. Kxf1 Qc7 21. Bd2 Qc4+ 22. Kg1 Rc7 23. Qb1 Rfc8 24. h3 Qe6 25. Nd5 Rxc1+ {½-½ Gontcharov,S (1864)-Oratile,K (2024) Olympiad-44 Chennai 2022 (4.3)}) 11... h5 $146 ({RR} 11... a5 12. Nd2 Bc8 13. Nb3 Bb7 14. f3 Nd7 15. Nd4 Nxd4 16. Bxd4 Nc5 17. Bxg7 Kxg7 18. Qd4+ f6 19. Nd5 e5 20. Qd2 Bxd5 21. cxd5 Qd7 22. b3 b5 23. Qe3 b4 24. f4 exf4 25. Qxf4 Rae8 26. Rc4 {0-1 Vescovi,G (2340)-Nielsen,P (2465) Wch U20 Buenos Aires 1992}) ({RR} 11... Qc8 12. f3 Nb4 13. Nd4 Nc6 14. Nc2 Qb7 15. Qd2 Nd8 16. Rfd1 Ne6 17. Nd5 Nxd5 18. exd5 Nc5 19. b4 Na6 20. Bd4 Ba4 21. Bxg7 Kxg7 22. Qd4+ Kg8 23. a3 Bxc2 24. Rxc2 Rac8 25. f4 Qd7 26. Rc3 {1-0 Brunello,M (2315)-Mouzakioti,I (1503) GRE-chT 42nd 2014 (1.5)}) 12. h3 Qc8 13. Kh2 Qb8 14. f4 Kh7 15. Bf3 Bh6 16. Nd5 Nxd5 17. cxd5 Ne5 18. Be2 Qe8 19. Qd2 Ng4+ 20. hxg4 hxg4 21. f5 1-0

[Event "Olympiad Women 2024"]
[Site "Budapest HUN"]
[Date "2024.09.12"]
[Round "2.12"]
[Board "4"]
[White "Padilla Garcia, Cecilia Xasive"]
[Black "Sargsyan, Anna M."]
[Result "0-1"]
[WhiteElo "1954"]
[BlackElo "2364"]
[PlyCount "42"]
[EventDate "2024.09.11"]
[WhiteTeam "Mexico"]
[BlackTeam "Armenia"]
[WhiteTeamCountry "MEX"]
[BlackTeamCountry "ARM"]

1. e4 c6 2. d4 d5 3. f3 g6 4. c3 Bg7 5. Na3 e5 6. dxe5 Bxe5 7. exd5 Qh4+ ({RR} 7... cxd5 8. Bf4 Bxf4 9. Qa4+ Nc6 10. Qxf4 Nge7 11. O-O-O Be6 12. Ne2 a6 13. Nc2 Qa5 14. a3 O-O-O 15. Ned4 Qc7 16. Qf6 Bf5 17. Nxf5 Qf4+ 18. Rd2 Qxf5 19. Qh4 Rd6 20. g3 Qxf3 21. Bh3+ Nf5 22. Rhd1 {½-½ Najer,E (2706)-Rozum,I (2573) TUR-chT Kocaeli 2017 (5.6)}) ({RR} 7... cxd5 8. Qe2 Qe7 9. f4 Bg7 10. Nb5 Kd8 11. Be3 Nc6 12. O-O-O Nf6 13. Qf2 Ng4 14. Bb6+ Ke8 15. Qg3 axb6 16. Re1 Be6 17. f5 gxf5 18. Nc7+ Kd7 19. Nxa8 Rxa8 20. Kb1 d4 21. c4 Qb4 22. Bd3 {0-1 Cabarkapa,N (2458)-Deac,B (2700) Titled Tue 24th Jan Late 2023 (3)}) 8. Ke2 $146 ({RR} 8. g3 Bxg3+ 9. hxg3 Qxh1 10. Qd4 f6 11. Nc4 Kf8 12. Bf4 Kg7 13. O-O-O Ne7 14. Qc5 Nf5 15. dxc6 Nxc6 16. g4 Nfe7 17. Qf2 g5 18. Bd6 Qh6 19. Ne2 Re8 20. Ng3 Kh8 21. Bd3 f5 22. Rh1 Qg6 {1-0 Cabarkapa,N (2433)-Zivkovic,M (2171) SRB-chT 1st League CS 2022 (4.1)}) 8... cxd5 9. Qxd5 Nc6 10. Qe4 Qe7 11. Kf2 Nf6 12. Qe2 O-O 13. Nc4 Re8 14. Nxe5 Nxe5 15. g3 Qc5+ 16. Kg2 Neg4 17. Qc2 Bf5 18. Bd3 Bxd3 19. Qxd3 Qf2+ 20. Kh3 Rad8 21. Qc4 b5 0-1

[Event "Olympiad Women 2024"]
[Site "Budapest HUN"]
[Date "2024.09.12"]
[Round "2.13"]
[Board "1"]
[White "Wafa, Shrook"]
[Black "Stefanova, Antoaneta"]
[Result "0-1"]
[WhiteElo "2137"]
[BlackElo "2416"]
[PlyCount "90"]
[EventDate "2024.09.11"]
[WhiteTeam "Egypt"]
[BlackTeam "Bulgaria"]
[WhiteTeamCountry "EGY"]
[BlackTeamCountry "BUL"]

1. e4 e5 2. Nf3 Nc6 3. Bc4 Bc5 4. d3 Nf6 5. Nc3 h6 6. O-O O-O 7. h3 d6 8. Na4 Bb6 9. a3 Re8 ({RR} 9... Be6 10. Bxe6 fxe6 11. c3 Qe8 12. b4 Ne7 13. Re1 Ng6 14. d4 Nd7 15. Be3 Rf6 16. Nh2 Nf4 17. Ng4 Rf8 18. Nxb6 axb6 19. Bxf4 Rxf4 20. g3 Rf8 21. a4 Qg6 22. Nh2 Rf6 23. Ra2 Raf8 24. Re3 {½-½ Abdusattorov,N (2713)-Maghsoodloo,P (2719) Tata Steel India Blitz 2022 (18.4)}) 10. b4 Be6 $146 ({RR} 10... a6 11. Nxb6 cxb6 12. Re1 b5 13. Bb3 Be6 14. c4 bxc4 15. dxc4 b5 16. Qd3 bxc4 17. Bxc4 Bxc4 18. Qxc4 Qd7 19. Bb2 Qb7 20. Rac1 Rac8 21. Qd3 Red8 22. Qe2 Ne7 23. Nd2 Ng6 24. g3 Rxc1 25. Rxc1 {0-1 So,W (2757)-Lazavik,D (2578) chess.com SpeedChess 2024 (1.13)}) 11. Bxe6 Rxe6 12. c4 Ne7 13. Rb1 c6 14. Re1 Bc7 15. d4 exd4 16. Qxd4 Qe8 17. Nh4 c5 18. Qd1 cxb4 19. axb4 Nxe4 20. Bb2 f5 21. Nxf5 Nxf5 22. Qd5 Ng5 23. f4 Nxh3+ 24. gxh3 Qg6+ 25. Qg2 Qxg2+ 26. Kxg2 Rae8 27. Rxe6 Rxe6 28. Nc3 Ne3+ 29. Kf3 Nxc4 30. Bc1 Bb6 31. Nd5 Re1 32. Nxb6 axb6 33. Kf2 Rh1 34. Kg2 Rd1 35. Ra1 Kf7 36. Kf3 Ke6 37. Ke2 Rh1 38. Kd3 Kd5 39. Kc2 Rh2+ 40. Kb1 Rxh3 41. Ra7 Kc6 42. b5+ Kc7 43. Kc2 Kb8 44. Ra4 d5 45. f5 Rf3 0-1

[Event "Olympiad Women 2024"]
[Site "Budapest HUN"]
[Date "2024.09.12"]
[Round "2.13"]
[Board "2"]
[White "Radeva, Viktoria"]
[Black "Wafa, Shahenda"]
[Result "1-0"]
[WhiteElo "2297"]
[BlackElo "2102"]
[PlyCount "71"]
[EventDate "2024.09.11"]
[WhiteTeam "Bulgaria"]
[BlackTeam "Egypt"]
[WhiteTeamCountry "BUL"]
[BlackTeamCountry "EGY"]

1. e4 c5 2. Nf3 d6 3. Bc4 Nc6 4. O-O g6 5. c3 Bg7 6. d4 cxd4 7. cxd4 Nf6 8. Nc3 O-O 9. d5 Na5 10. Be2 ({RR} 10. Bd3 Bg4 11. h3 Bxf3 12. Qxf3 b6 13. Bg5 Nb7 14. Qe3 Nc5 15. Bc2 Rc8 16. Rac1 Qd7 17. Kh1 e6 18. Bh6 exd5 19. Bxg7 Kxg7 20. exd5 Rfe8 21. Qf3 Qe7 22. Rfe1 Qxe1+ 23. Rxe1 Rxe1+ 24. Kh2 Rce8 {1-0 Tarnowska,A (1835)-Lohani,S (1743) Titled Tue 28th Mar Early 2023 (9)}) 10... Bg4 11. h3 $146 ({RR} 11. Bd2 Bxf3 12. Bxf3 Nc4 13. Be1 b5 14. Nxb5 Nxb2 15. Qc2 Qb6 16. Rb1 Qxb5 17. Rxb2 Rac8 18. Qxc8 Qxb2 19. Qc7 Qxa2 20. Qxe7 Qc4 21. Qxd6 Nxe4 22. Qe7 f5 23. d6 Qd4 24. d7 Bf6 25. Qe6+ Kg7 {½-½ Shaposhnikov,E (2474)-Solovjov,S (2447) St Petersburg-ch 1999 (5)}) 11... Bxf3 12. Bxf3 Nc4 13. Be2 Rc8 14. Qa4 Qa5 15. Qb3 Qc5 16. Bf4 Nh5 17. Bxh5 gxh5 18. Rac1 b6 19. Rfd1 Qa5 20. Bg5 Nxb2 21. Qxb2 Bxc3 22. Qe2 Bf6 23. Bxf6 Rxc1 24. Rxc1 exf6 25. Rc7 Qa4 26. Kh2 f5 27. Qxh5 Qxe4 28. Qg5+ Kh8 29. Qf6+ Kg8 30. Qxd6 a5 31. Qg3+ Kh8 32. d6 Qe6 33. Qc3+ f6 34. d7 Qd6+ 35. Qg3 f4 36. Qg7+ 1-0

[Event "Olympiad Women 2024"]
[Site "Budapest HUN"]
[Date "2024.09.12"]
[Round "2.13"]
[Board "3"]
[White "Romany, Joy"]
[Black "Krasteva, Beloslava"]
[Result "1/2-1/2"]
[WhiteElo "2012"]
[BlackElo "2295"]
[PlyCount "73"]
[EventDate "2024.09.11"]
[WhiteTeam "Egypt"]
[BlackTeam "Bulgaria"]
[WhiteTeamCountry "EGY"]
[BlackTeamCountry "BUL"]

1. d4 Nf6 2. c4 e6 3. g3 Bb4+ 4. Nd2 d5 5. Bg2 O-O 6. Ngf3 b6 7. cxd5 exd5 8. O-O Bb7 9. Ne5 Nbd7 10. Ndf3 ({RR} 10. Qa4 a5 11. Nc6 Qe8 12. Nxb4 axb4 13. Qxb4 Qxe2 14. Nf3 Qc4 15. Bd2 Ra4 16. Qb3 Qxb3 17. axb3 Rxa1 18. Rxa1 Ra8 19. Rc1 c6 20. Bh3 h6 21. Bb4 Re8 22. Ra1 c5 23. Bc3 Bc6 24. b4 Ne4 {1-0 Shankland,S (2717)-Swiercz,D (2667) Saint Louis Summer-A 2019 (5)}) 10... Bd6 11. Qa4 Qe8 ({RR} 11... c5 12. Bf4 Qc7 13. Rac1 c4 14. b3 Bxe5 15. dxe5 Nh5 16. bxc4 Nxf4 17. gxf4 Nc5 18. Qc2 dxc4 19. Qxc4 Qd7 20. h3 Rac8 21. Rfd1 Qf5 22. e3 Qh5 23. Qe2 Rfd8 24. Nd4 Qxe2 25. Nxe2 Bxg2 26. Kxg2 {1-0 Alfaro,W (2137)-Fabris,A (2230) Titled Tue 27th Aug Early 2024 (10)}) 12. Qc2 $146 ({RR} 12. Nxd7 Nxd7 13. Bf4 Bxf4 14. gxf4 c5 15. Ne5 Nxe5 16. Qxe8 Rfxe8 17. dxe5 Rab8 18. e3 Red8 19. Rfd1 Bc6 20. Rac1 Kf8 21. b4 c4 22. b5 Bxb5 23. Bxd5 Rbc8 24. Kf1 c3+ 25. Ke1 Ke7 26. Rd4 Rc5 {1-0 Prithu,G (2472)-Harshavardhan,G (2397) Titled Tuesday intern op 15th Sept blitz 2020 (4)}) 12... Ne4 13. Nxd7 Qxd7 14. Ne5 Qe7 15. Nd3 h5 16. Bf4 h4 17. Rac1 Qf6 18. Ne5 Rfe8 19. f3 Ng5 20. Ng4 Qe7 21. Bxd6 cxd6 22. gxh4 Ne6 23. e3 Qxh4 24. Qf2 Qg5 25. h4 Qe7 26. Qg3 Kh8 27. f4 f5 28. Nf2 Nf8 29. Rfe1 Nh7 30. Nh3 Nf6 31. Ng5 Ba6 32. Bh3 Bd3 33. Rc3 Be4 34. Rec1 Qf8 35. Rc7 Re7 36. Nxe4 fxe4 37. Qg6 1/2-1/2

[Event "Olympiad Women 2024"]
[Site "Budapest HUN"]
[Date "2024.09.12"]
[Round "2.13"]
[Board "4"]
[White "Peycheva, Gergana"]
[Black "Allam, Yara"]
[Result "1-0"]
[WhiteElo "2248"]
[BlackElo "1920"]
[PlyCount "87"]
[EventDate "2024.09.11"]
[WhiteTeam "Bulgaria"]
[BlackTeam "Egypt"]
[WhiteTeamCountry "BUL"]
[BlackTeamCountry "EGY"]

1. d4 d5 2. c4 c6 3. Nc3 Nf6 4. e3 e6 5. Nf3 Bd6 6. Qc2 Nbd7 7. b3 O-O 8. Be2 b6 9. O-O Bb7 10. Bb2 Rc8 11. Rad1 c5 12. dxc5 Nxc5 13. cxd5 exd5 $146 ({RR} 13... Nce4 14. dxe6 Nxc3 15. Bxc3 Ne4 16. Bc4 b5 17. exf7+ Kh8 18. Nd4 Nxc3 19. Ne6 Bxh2+ 20. Kxh2 Qh4+ 21. Kg1 Nxd1 22. Nxf8 bxc4 23. Ne6 Bxg2 24. Kxg2 Qg4+ 25. Kh2 Qh4+ 26. Kg2 Qg4+ 27. Kh2 Qh4+ 28. Kg2 {½-½ Lashkin,J (2472)-Yakubboev,N (2666) 45th Olympiad 2024 (5.8)}) ({RR} 13... Nxd5 14. Bc4 Nb4 15. Qe2 Qe7 16. a3 Nc6 17. b4 Nd7 18. Ne4 Be5 19. Bd3 Bxb2 20. Qxb2 Rcd8 21. Rd2 f6 22. Bb1 Nde5 23. Nxe5 Nxe5 24. Rc1 Rxd2 25. Qxd2 Rd8 26. Qe2 Qd7 27. Nc3 Rc8 28. Rd1 {0-1 Giri,A (2779)-Ding,L (2805) Croatia GCT Zagreb 2019 (5)}) ({RR} 13... Nce4 14. Qd3 Nxc3 15. Bxc3 Nxd5 16. Bb2 Bb4 17. Rc1 Nc3 18. Bxc3 Qxd3 19. Bxd3 Bxc3 20. Rfd1 Bf6 21. Kf1 Rfd8 22. Ke2 Kf8 23. Bc4 Rxd1 24. Rxd1 Ke7 25. g3 Rc5 26. Nd4 a6 27. a4 g5 28. g4 {0-1 Faizrakhmanov,R (2480)-Cheparinov,I (2664) Wch Blitz Warsaw 2021 (7)}) 14. Qf5 Qd7 15. Nd4 Bb8 16. Qxd7 Ncxd7 17. Nf5 Rfe8 18. Bb5 Rcd8 19. Ba3 Re5 20. Ne7+ Kh8 21. Bc6 Ba6 22. Rfe1 Rh5 23. h3 Ne5 24. Ncxd5 Nxd5 25. Bxd5 Bc7 26. Be4 Bd3 27. Bxd3 Nxd3 28. Re2 Nc5 29. Red2 Rxd2 30. Rxd2 h6 31. Nc6 a6 32. Bb2 Rg5 33. f4 Rg3 34. Bd4 Rg6 35. Ne7 Re6 36. Nf5 f6 37. Bxc5 bxc5 38. Rd7 Bb6 39. Kf2 g6 40. Nd6 h5 41. Nc4 Kg8 42. Rb7 Bd8 43. Rb8 Re8 44. Rc8 1-0

[Event "Olympiad Women 2024"]
[Site "Budapest HUN"]
[Date "2024.09.12"]
[Round "2.14"]
[Board "1"]
[White "Milliet, Sophie"]
[Black "Wagener, Anna"]
[Result "1/2-1/2"]
[WhiteElo "2348"]
[BlackElo "2251"]
[PlyCount "147"]
[EventDate "2024.09.11"]
[WhiteTeam "France"]
[BlackTeam "Luxembourg"]
[WhiteTeamCountry "FRA"]
[BlackTeamCountry "LUX"]

1. d4 f5 2. Bf4 Nf6 3. e3 d6 4. Nc3 c6 5. Bc4 d5 6. Bd3 e6 7. Nf3 Be7 8. O-O O-O 9. Ne2 Ne4 10. c4 Nd7 11. Ne5 Nxe5 12. Bxe5 Bd7 ({RR} 12... Bf6 13. Bxf6 Qxf6 14. f3 Nd6 15. c5 Ne8 16. e4 e5 17. Qb3 Nc7 18. exf5 exd4 19. g4 Qe7 20. Qc2 h5 21. Qc1 hxg4 22. fxg4 Qh4 23. Rf4 Bd7 24. Nxd4 Rae8 25. Qd2 g5 26. Nf3 Qh6 27. Rb4 {1-0 Eldho,S (1912)-Ranfagni,S (1958) 14th Dolomiti Open 2023 (5.26)}) 13. Qc2 $146 ({RR} 13. b4 a5 14. a3 axb4 15. axb4 Rxa1 16. Qxa1 Nd2 17. cxd5 Nxf1 18. d6 Bf6 19. Kxf1 Qa8 20. Qc3 Qa7 21. g4 fxg4 22. Nf4 Ra8 23. Kg2 Qa1 24. Qc2 Ra2 25. Bxh7+ Kf8 26. Qe4 Qd1 27. Ng6+ Ke8 {1-0 Antonica,D (2230)-Frank,A (2043) EU-ch U14 Bratislava 2019 (3)}) 13... Rc8 14. f3 Nf6 15. e4 dxc4 16. Bxc4 b5 17. Bd3 fxe4 18. Bxe4 Nxe4 19. Qxe4 c5 20. Rad1 cxd4 21. Nxd4 Bc5 22. Kh1 Qg5 23. f4 Qg4 24. h3 Qg6 25. Qxg6 hxg6 26. Nb3 Rf7 27. Nxc5 Rxc5 28. Rc1 Rd5 29. h4 b4 30. Rf3 Bb5 31. Rb3 a5 32. a3 bxa3 33. bxa3 Rfd7 34. Rc8+ Kf7 35. Kh2 Ba6 36. Ra8 Bb7 37. Rb8 Ba6 38. Ra8 Bb7 39. Rb8 Ba6 40. Rg3 Bd3 41. h5 Be4 42. Rh8 Rd8 43. hxg6+ Bxg6 44. Rxd8 Rxd8 45. Rc3 Rd7 46. Rc5 Ra7 47. g4 Be4 48. Kg3 a4 49. Kh4 Bd5 50. Kg5 Bb3 51. Rc8 Rb7 52. Bd6 Rb5+ 53. Bc5 g6 54. Kh6 e5 55. fxe5 Ke6 56. Bd6 Bd1 57. Kg5 Rb3 58. Rc1 Rd3 59. Rc4 Rg3 60. Rd4 Bc2 61. Rf4 Rg2 62. Kh6 Rh2+ 63. Kg7 g5 64. Rf6+ Kd5 65. Bb8 Rh7+ 66. Kg8 Rb7 67. Bd6 Bd1 68. Rg6 Bxg4 69. Rxg5 Be6+ 70. Kf8 Rh7 71. Rg1 Bf5 72. Rg7 Rxg7 73. Kxg7 Ke6 74. Kf8 1/2-1/2

[Event "Olympiad Women 2024"]
[Site "Budapest HUN"]
[Date "2024.09.12"]
[Round "2.14"]
[Board "2"]
[White "Steil-Antoni, Fiona"]
[Black "Guichard, Pauline"]
[Result "0-1"]
[WhiteElo "2085"]
[BlackElo "2374"]
[PlyCount "90"]
[EventDate "2024.09.11"]
[WhiteTeam "Luxembourg"]
[BlackTeam "France"]
[WhiteTeamCountry "LUX"]
[BlackTeamCountry "FRA"]

1. e4 c6 2. Ne2 d5 3. e5 Bf5 4. Ng3 Bg6 5. h4 h5 6. d4 e6 7. Bd3 Ne7 ({RR} 7... Bxd3 8. cxd3 Qb6 9. Ne2 Ne7 10. Nd2 Nf5 11. Nf3 c5 12. dxc5 Bxc5 13. d4 Be7 14. Bg5 Bb4+ 15. Kf1 Nc6 16. g3 Be7 17. Bxe7 Nfxe7 18. Qd2 O-O-O 19. Rc1 Kb8 20. Kg2 Rc8 21. Rc5 Nf5 22. Rhc1 {½-½ Spassky,B (2580)-Adams,M (2495) Cannes schev 1989}) 8. Be3 $146 ({RR} 8. Bg5 Bxd3 9. cxd3 Nd7 10. Bxe7 Bxe7 11. O-O Bxh4 12. Nc3 Be7 {½-½ Ciesla,K-Czyz,A (2066) POL-chT 2nd League 2003 (11)}) ({RR} 8. Bg5 Qb6 9. Bxe7 Bxe7 10. Bxg6 fxg6 11. b3 c5 12. Qd3 O-O 13. Qxg6 cxd4 14. O-O Nd7 15. Nxh5 Rf7 16. Qg3 Raf8 17. Nd2 Qc7 18. Nf3 Qxc2 19. Nxd4 Qh7 20. Nf6+ Bxf6 21. exf6 Nxf6 22. Nxe6 Ne4 {0-1 Suarez,S (2161)-Sreyas,P (2084) Titled Tue 25th Jun Early 2024 (6)}) ({RR} 8. Bxg6 fxg6 9. Bg5 Qa5+ 10. c3 Nf5 11. Nxf5 gxf5 12. g3 c5 13. O-O Nc6 14. dxc5 Qxc5 15. Re1 Be7 16. Be3 Qb5 17. Qc2 Nxe5 18. Kh1 Qd3 19. Qa4+ b5 20. Qa6 Qe4+ 21. Kg1 Nf3+ 22. Kf1 Nxe1 {0-1 Gadson,J-Ezat,M (2381) Internet Section 16-B blitz 2003 (3)}) 8... c5 9. c3 Nbc6 10. Na3 Bxd3 11. Qxd3 Ng6 12. Bg5 Qb6 13. Nc2 cxd4 14. cxd4 Bb4+ 15. Kf1 Be7 16. Rb1 Bxg5 17. hxg5 h4 18. Ne2 Rc8 19. Rh3 Nce7 20. Ne3 Rc6 21. g3 Qa6 22. Qxa6 Rxa6 23. a3 Rc6 24. Rc1 hxg3 25. Rxh8+ Nxh8 26. Rxc6 Nxc6 27. f4 Ng6 28. Kg2 Nge7 29. Kxg3 Na5 30. b4 Nb3 31. Kf2 Nd2 32. Ke1 Ne4 33. Kd1 Kd7 34. Kc2 Kc6 35. a4 Kb6 36. Nc3 Ng3 37. Kd3 a6 38. Nc2 Nc6 39. Ne2 Nf5 40. Nc3 a5 41. bxa5+ Kxa5 42. Ne3 Nb4+ 43. Kd2 Nxd4 44. f5 Nf3+ 45. Ke2 Nxg5 0-1

[Event "Olympiad Women 2024"]
[Site "Budapest HUN"]
[Date "2024.09.12"]
[Round "2.14"]
[Board "3"]
[White "Hejazipour, Mitra"]
[Black "Bakalarz, Grazyna"]
[Result "1-0"]
[WhiteElo "2327"]
[BlackElo "1928"]
[PlyCount "105"]
[EventDate "2024.09.11"]
[WhiteTeam "France"]
[BlackTeam "Luxembourg"]
[WhiteTeamCountry "FRA"]
[BlackTeamCountry "LUX"]

1. d4 Nf6 2. c4 e6 3. Nf3 d5 4. e3 Be7 5. Nc3 O-O 6. Bd3 dxc4 7. Bxc4 c5 8. O-O Nc6 9. Bb5 ({RR} 9. a3 b6 10. Qe2 Bb7 11. Rd1 Qc7 12. Bd2 cxd4 13. Nb5 Qb8 14. Nbxd4 Ne4 15. Be1 Rd8 16. Nxc6 Bxc6 17. Nd4 Bb7 18. f3 Nf6 19. e4 Bc5 20. Bf2 Qe5 21. Nb3 {½-½ Hera,I (2533)-Savic,M (2539) Zupanja op-A 15th 2009 (9)}) 9... Nb4 $146 ({RR} 9... cxd4 10. exd4 Nb4 11. Bf4 Nbd5 12. Be5 Bd7 13. Bd3 Nxc3 14. bxc3 Bc6 15. h3 Rc8 16. a4 h6 17. Qe2 Bd6 18. Rfd1 Nd5 {½-½ Blab,L (2119)-Boost,J (1889) GER-chA Seniors 27th 2015 (3)}) ({RR} 9... cxd4 10. Nxd4 Nxd4 11. Qxd4 Qxd4 12. exd4 Rd8 13. Rd1 a6 14. Be2 h6 15. a3 b5 16. b4 Bb7 17. Be3 Rac8 18. Rac1 Nd5 19. Nxd5 Bxd5 20. Bf1 Bf6 21. Rxc8 Rxc8 22. g3 Rc3 23. Rd3 Rc8 24. f4 {0-1 Gomez Guerrero,F-Gallego Carvajal,M (1771) 17th American Cont Blitz 2024 (2.108)}) 10. a3 cxd4 11. exd4 Nbd5 12. Ne5 Nxc3 13. bxc3 Qc7 14. Qf3 a6 15. Bd3 Bd7 16. c4 Rac8 17. Bf4 Bc6 18. Qh3 Rfe8 19. Rfe1 Qd8 20. Rad1 Ba4 21. Rd2 g6 22. Bb1 Nh5 23. Bh6 Bg5 24. Bxg5 Qxg5 25. Rb2 b5 26. c5 Rc7 27. Qe3 Qxe3 28. fxe3 Nf6 29. e4 Rd8 30. Rf1 Ne8 31. Nf3 Kg7 32. Ba2 Nf6 33. Re1 h6 34. h3 Nh5 35. Kf2 Nf4 36. Ke3 g5 37. h4 g4 38. Ne5 Ng6 39. Nxg4 f5 40. h5 fxg4 41. hxg6 e5 42. dxe5 Rxc5 43. Bf7 Rxe5 44. Rc1 Re7 45. Rb4 a5 46. Rd4 Rxd4 47. Kxd4 b4 48. axb4 axb4 49. e5 b3 50. Rc8 Be8 51. Bxe8 b2 52. Bf7 Rd7+ 53. Ke3 1-0

[Event "Olympiad Women 2024"]
[Site "Budapest HUN"]
[Date "2024.09.12"]
[Round "2.14"]
[Board "4"]
[White "Kremer, Nadine"]
[Black "Benmesbah, Natacha"]
[Result "0-1"]
[WhiteElo "1898"]
[BlackElo "2258"]
[PlyCount "54"]
[EventDate "2024.09.11"]
[WhiteTeam "Luxembourg"]
[BlackTeam "France"]
[WhiteTeamCountry "LUX"]
[BlackTeamCountry "FRA"]

1. e4 c6 2. d4 d5 3. Nc3 dxe4 4. Nxe4 Nf6 5. Nxf6+ exf6 6. c3 Bd6 7. Bd3 O-O 8. Qc2 Re8+ 9. Ne2 h5 10. Bd2 Nd7 11. O-O-O Nf8 12. h4 ({RR} 12. f3 a5 13. Rdg1 Be6 14. g4 hxg4 15. fxg4 Bd5 16. h4 Bxh1 17. Rxh1 Qe7 18. g5 f5 19. h5 Qe6 20. Kb1 Qd5 21. Rf1 Qg2 22. Qd1 g6 23. hxg6 fxg6 24. Nf4 Bxf4 25. Bxf4 Ne6 26. Be5 b5 {0-1 Aitbayev,A (2441)-Jones,G (2689) Titled Tuesday intern op 2nd Febr blitz 2019 (9)}) ({RR} 12. Kb1 Be6 13. h3 h4 14. f4 Qa5 15. c4 b5 16. Bxa5 {1-0 Da Silva,G (2016)-Wartiovaara,O (2282) Titled Tue 6th Feb Late 2024 (3)}) 12... Be6 13. Kb1 b5 14. f3 a5 $146 ({RR} 14... Bd5 15. Nf4 Bxf4 16. Bxf4 Qd7 17. Bf5 Be6 18. g4 Qd5 19. Bxe6 Nxe6 20. Bc1 Qxf3 21. gxh5 Qxh5 22. Qg2 Qg6+ 23. Qxg6 fxg6 24. d5 cxd5 25. Rxd5 Rab8 26. h5 gxh5 27. Rhxh5 a6 28. Rd6 Ra8 29. a4 {1-0 Szente Varga,F (2085)-Souleidis,G (2410) Titled Tuesday intern op 06th Sep Late blitz 2022 (5)}) ({RR} 14... Re7 15. Nf4 Bxf4 16. Bxf4 Qd5 17. b3 a5 18. c4 bxc4 19. Bxc4 Qd7 20. Rhe1 Rae8 21. Kc1 Bf5 22. Rxe7 Rxe7 23. Qc3 a4 24. bxa4 Ne6 25. Bg3 Qa7 26. a5 Rb7 27. Bb3 Rd7 28. Bf2 Qa6 29. Bc4 {1-0 Heidenfeld,M (2373)-Boehm,C (2152) GER-ch blitz 2022 (23)}) 15. b3 Qc7 16. Rhg1 f5 17. Qc1 Ng6 18. Be1 b4 19. cxb4 a4 20. Bc4 axb3 21. axb3 Qa7 22. Nc3 Bxc4 23. bxc4 Bxb4 24. Kc2 Bxc3 25. Kxc3 Qa2 26. Qb2 Re3+ 27. Kc2 Qxc4+ 0-1

[Event "Olympiad Women 2024"]
[Site "Budapest HUN"]
[Date "2024.09.12"]
[Round "2.15"]
[Board "1"]
[White "Yao, Lan"]
[Black "De Blecourt, Sandra"]
[Result "1-0"]
[WhiteElo "2353"]
[BlackElo "2065"]
[PlyCount "67"]
[EventDate "2024.09.11"]
[WhiteTeam "England"]
[BlackTeam "Denmark"]
[WhiteTeamCountry "ENG"]
[BlackTeamCountry "DEN"]

1. e4 c5 2. Nf3 Nc6 3. d4 cxd4 4. Nxd4 Nf6 5. Nc3 e5 6. Ndb5 d6 7. Nd5 Nxd5 8. exd5 Nb8 9. a4 Be7 10. Be2 O-O 11. O-O Nd7 12. Bd2 a6 13. Na3 a5 14. Nb5 f5 15. c3 Nf6 $146 ({RR} 15... f4 16. f3 Nf6 17. Be1 Nh5 18. Bf2 Rf6 19. Bd3 Rh6 20. Be4 Bh4 21. Qc2 Qg5 22. Nc7 Bxf2+ 23. Qxf2 Ng3 24. Nxa8 Rxh2 25. Qb6 Rh1+ 26. Kf2 Nxe4+ 27. fxe4 Qg3+ 28. Ke2 Bg4+ 29. Kd2 Qxg2+ 30. Rf2 {½-½ Murthy,P (1893)-Harish,N (2213) Titled Tue 16th Apr Late 2024 (3)}) 16. b4 Kh8 17. Qb3 Ne4 18. Be1 f4 19. f3 Qb6+ 20. Kh1 Qe3 21. Qd1 Ng3+ 22. hxg3 fxg3 23. Qd2 Qf4 24. Qxf4 exf4 25. Bd2 Bd7 26. bxa5 Rxa5 27. Rfb1 Bd8 28. Kg1 Bxb5 29. Rxb5 Rxb5 30. Bxb5 Bb6+ 31. Kf1 g5 32. Re1 g4 33. fxg4 f3 34. Re8 1-0

[Event "Olympiad Women 2024"]
[Site "Budapest HUN"]
[Date "2024.09.12"]
[Round "2.15"]
[Board "2"]
[White "Kakulidis, Ellen"]
[Black "Hunt, Harriet V"]
[Result "0-1"]
[WhiteElo "2048"]
[BlackElo "2304"]
[PlyCount "40"]
[EventDate "2024.09.11"]
[WhiteTeam "Denmark"]
[BlackTeam "England"]
[WhiteTeamCountry "DEN"]
[BlackTeamCountry "ENG"]

1. d4 Nf6 2. c4 e6 3. g3 d5 4. Bg2 dxc4 5. Nf3 Nc6 6. Qa4 Bb4+ 7. Bd2 Bd6 8. Ne5 Bxe5 9. Bxc6+ bxc6 10. dxe5 Qd5 11. O-O Nd7 12. Bc3 O-O 13. Rd1 Qe4 14. Nd2 Nb6 $146 ({RR} 14... Qxe2 15. Qxc4 Qh5 16. Qxc6 Rb8 17. Qxc7 Rb5 18. Ne4 Rb7 19. Qa5 h6 20. Nd6 Nb6 21. Bd4 Rd7 22. Bxb6 axb6 23. Qxb6 Bb7 24. Qe3 Bd5 25. Rd4 f6 26. Nc4 Qh3 27. Rxd5 Rxd5 28. Re1 f5 29. f4 {½-½ Roussel Roozmon,T (2487)-Jancovic,P (2140) Quebec op Montreal 2009 (8)}) 15. Qxa7 Qxe2 16. Qxc7 Nd5 17. Qxc6 Rxa2 18. Rxa2 Qxd1+ 19. Kg2 Qe2 20. Qxc4 Ne3+ 0-1